000 00404nam a22001697a 4500
003 MPLRDC
005 20220104142609.0
008 210129b ||||| |||| 00| 0 eng d
082 _a191.6 LX
100 _a吕行
245 _a人性分析与永远的和平
_c
250 _a初版
260 _a
_b世界书局
_c1963
300 _b
650 _a人生哲学--人性论
942 _cBK
_o191.6 LX
999 _c32170
_d32160